Wsie gminy Bolesławiec. - Statystyki

Ogólne statystyki
  • Ten quiz został rozwiązany 9 razy
  • Średni wynik to 19 z 30
Statystyki odpowiedzi
Odpowiedzi % Poprawnych
B Bolesławice
100%
D Dobra
89%
K Kraśnik Dolny
89%
K Kraśnik Górny
89%
T Trzebień
89%
B Bożejowice
78%
D Dąbrowa Bolesławiecka
78%
K Kruszyn
78%
Ł Łąka
78%
L Lipiany
78%
R Rakowice
78%
B Brzeźnik
67%
K Krępnica
67%
Ł Łaziska
67%
O Otok
67%
Ż Żeliszów
67%
C Chościszowice
56%
G Golnice
56%
N Nowa
56%
N Nowa Wieś
56%
P Parkoszów
56%
K Kraszowice
44%
M Mierzwin
44%
N Nowe Jaroszowice
44%
O Ocice
44%
S Stara Oleszna
44%
S Stare Jaroszowice
44%
S Suszki
44%
K Kozłów
33%
T Trzebień Mały
33%
Nie znaleziono quizów pasujących do podanych kryteriów
Rozkład punktacji
Procent ludzi z każdym wynikiem
Percentyl według liczby udzielonych odpowiedzi
Twoja historia wyników
Nie rozwiązałeś tego quizu